000 00872nam a22002297a 4500
003 UA-OsUOA
001 61686
007 ta
008 20090710b un ||||| |||| 00| 0 ukr d
090 _a261.7 (477) (058): 342
_bР36
942 _cBK
040 _aUA-OsUOA
_bukr
_cUA-OsUOA
_dUA-OsUOA
245 _aРелігійна свобода. Законодавство України "Про свободу совісті та релігійні організації": європейські стандарти та українські реалії
_bнаук. щорічник № 11
_cза ред. А. Колодного
300 _a146 с.
955 _a1
041 _aukr
080 _a261.7 (477) (058): 342
020 _a978-966-02-4411-5
260 _aК.
_c2007
650 7 _a26 Християнська Церква загалом
_2UDC
999 _c347453
_d347453